| 000 | 00955nam0a22002531 4500 | ||
|---|---|---|---|
| 001 | rc\160158 | ||
| 005 | 20030307112846.6 | ||
| 035 | _a(NLR Aleph) 005425830 | ||
| 090 |
_a7524781 _c7524781 |
||
| 100 | _a20030307d1992 u |0rusy50 ca | ||
| 101 | 0 | _arus | |
| 102 | _aRU | ||
| 105 | _aa ||||||||| | ||
| 200 | 1 |
_aПодземная гидрогазодинамика _eУчеб. пособие _fА.Х. Мирзаджанзаде, И.М. Аметов, К.С. Басниев _gГос. акад. нефти и газа им. И.М. Губкина |
|
| 210 |
_aМ. _cГАНГ _d1992 |
||
| 215 |
_a86, [1] с. _cил. _d21 |
||
| 700 | 1 |
_aМирзаджанзаде _bА. Х. _gАзат Халилович |
|
| 701 | 1 |
_aАметов _bИ. М. _gИгорь Мамедович |
|
| 701 | 1 |
_aБасниев _bК. С. _gКаплан Сафербиевич |
|
| 801 | 0 |
_aRU _bNLR _gpsbo |
|
| 801 | 1 |
_aRU _bELAR _2rusmarc |
|
| 852 |
_aNLR _j92-6/1520 |
||
| 942 | _cBOOK | ||
| 980 | _aNB | ||